000 03643cam a22005654i 4500
003 PE-LiUPU
005 20250731172834.0
008 150827s2014 miu r 001 0 eng d
020 _a0802869904
020 _a9780802869906
035 _a(Sirsi) i9780802869906
040 _aDLC
_bspa
_cDLC
_dDLC
_dPE-LiUPU
_erda
041 1 _aeng
_hita
049 _aPRUA
082 0 4 _a261
_bA47
_223
130 0 _aAll'origine della diversità.
_lEnglish
245 1 0 _aRetrieving origins and the claim of multiculturalism /
_cedited by Antonio López & Javier Prades ; translated by Mariangela Sullivan.
264 1 _aGrand Rapids :
_bWilliam B. Eerdmans Publishing Company,
_c2014.
300 _axvi, 208 páginas ;
_c24 centímetros
336 _atext
_2rdacontent
337 _aunmediated
_2rdamedia
338 _avolume
_2rdacarrier
504 _aÍndice: páginas 205-208.
505 0 _aPreface / Angelo Cardinal Scola -- Introduction / Antonio López -- Part I. Perceiving otherness, understanding difference. Recognition and culture : toward a model of intercultural subjectivities / Francesco Botturi -- The encounter and emergence of human nature / Carmine Di Martino -- We need a "relational reason" for different cultures to meet and build a common world / Pierpaolo Donati -- The link between "fundamentalism" and "relativism" / Costantino Esposito -- Retrieval of otherness in a technological culture / Antonio López -- Part II. Ordering social life. Human rights and cultural plurality : a possible path / Marta Cartabia -- Multiculturalism and ethically controversial questions : what form should regulation take? / Lorenza Violini -- The Abraham model of multicultural integration : Ger and Toshav / Joseph H. H. Weiler -- Part III. The recognition of God as the ultimate ground. Church, modernity, and multiculturalism : an extemporaneous reflection / Francisco Javier Martinez Fernández -- Interculturality and Christian mission in today's society / Massimo Borghesi -- War and the American difference : a theological assessment / Stanley Hauerwas -- Multiculturalism in Britain : the case of the recent debate over Sharia / John Milbank -- Knowing the truth through witness : the Christian faith in the context of interreligious dialogue / Javier Prades -- Multiculturalism and civil community inside the liberal state : truth and (religious) freedom / David L. Schindler.
526 _aSEG42
526 _aSEG41
526 _aSEG40
526 _aSEG39
526 _aP94
526 _aP87
526 _aP86
526 _aP85
526 _aP77
526 _aP76
526 _aP35
534 _apTítulo original :
_tAll'origine della diversità : le sfide del multiculturalismo.
650 1 4 _aMulticulturalismo
_xAspectos religiosos.
650 2 4 _aPluralismo cultural
_xAspectos religiosos.
700 1 _aLópez, Antonio,
_d1968- ,
_eeditor.
700 1 _aPrades, Javier,
_d1960- ,
_eeditor.
700 1 _aSullivan, Mariangela,
_etraductor.
910 _aaas
_bjck
_caas
_d20150827
910 _adbm
_bjpc
_cjpc
_d20190422
942 _2ddc
_cBOOK
949 _aPGT 261 A47
_wDEWEY
_c1
_i71781
_lCCODEBUL1
_mBUL
_p20.00
_r0
_sY
_tBOOK
_u2015-8-27
_xTEOLOGIA
_PP85
_0COMPRA
_o.CIRCNOTE. No olvidar cambiar la fecha de devolución!!!!!!!
_o.STAFF. Posgrado
994 _aC0
_bPEPRU
596 _a1
999 _a261 A47
_wDEWEY
_c6911
_i71781
_f2021-11-10
_g6
_lCCODEBUL1
_mBUL
_p20.00
_r0
_sY
_tBOOK
_u2015-8-27
_xTEOLOGIA
_PP85
_0COMPRA
_o.CIRCNOTE. No olvidar cambiar la fecha de devolución!!!!!!!
_o.STAFF. Colección Teología
_d6911
980 _81
_gALBERTO SANCHEZ Responsable de Automatización